Dinámica de grupo
Gorde:
| Egile nagusia: | |
|---|---|
| Formatua: | Liburua |
| Hizkuntza: | gaztelania |
| Argitaratua: |
San José
Educa
1976
|
| Saila: | Colección Aula
|
| Gaiak: | |
| Etiketak: |
Etiketa erantsi
Etiketarik gabe, Izan zaitez lehena erregistro honi etiketa jartzen!
|
MARC
| LEADER | 00000nam a2200000 a 4500 | ||
|---|---|---|---|
| 001 | UCY1421 | ||
| 003 | CL-VaPUC | ||
| 008 | 940901e19760000CR |||||||||||||||||spa|d | ||
| 082 | 0 | 4 | |a 302.3 |b BLA |2 21 |
| 100 | 0 | |a Blanc, Marcelo |e author |9 329406 | |
| 245 | 1 | 0 | |a Dinámica de grupo |
| 300 | |a 207 p | ||
| 942 | |c BK | ||
| 945 | |d 19940901 00:00:00 |a rbrito | ||
| 260 | |a San José |b Educa |c 1976 | ||
| 650 | 0 | |a Dinámica de grupos |9 259862 | |
| 583 | |a last modification |c 19940901 00:00:00 |k Rodrigo Vera | ||
| 490 | 0 | |a Colección Aula | |
| 999 | |c 230131 |d 230129 | ||
| 952 | |0 0 |1 0 |4 0 |6 302_300000000000000_BLA_1976 |7 0 |8 P |9 232156 |a BIBEDU |b BIBEDU |c BIBEDU_PB |d 2019-11-15 |i 3014371 |o 302.3 BLA 1976 |p 3014371 |r 2019-11-15 |w 2019-11-15 |y BK |k EDU | ||